000 00387nam a2200157Ia 4500
008 230524s9999 xx 000 0 und d
082 _a5
_bROG
100 _aDavid F.Rogers
_924203
245 0 _aProcedural Elements for Computer Graphics
250 _a2ND
260 _aNEW DELHI
_bTMH
_c2004
300 _aXIV;695
500 _aQuantity Number: 1
650 _aComp-Sc
942 _cBK
999 _c35721
_d35721